000 00412nam a2200157Ia 4500
008 221030s9999 xx 000 0 und d
041 _aEnglish
082 _a105.23
_bGup
100 _aB. R. Gupta
245 0 _aFundamentals of Electrical Machines
_cby B. R. Gupta, V. Singhal
260 _bNew Age International Pub.
_aNew Delhi
_c2005
300 _a624
650 _aEE
700 _aV. Singhal
942 _cBK
999 _c4740
_d4740